| 000 | 00951nam a2200313 a 4500 | ||
|---|---|---|---|
| 003 | AR-BaBNM | ||
| 005 | 20251128205645.0 | ||
| 008 | 082120s2002 ||||||||||||||000 | spa|| | ||
| 020 | _a950-99711-3-8 | ||
| 040 | _cAR-BaBNM | ||
| 100 | 1 | _aCardiel, José | |
| 245 | 0 | 0 | _aBreve relación de las misiones del Paraguay |
| 260 |
_aBuenos Aires _bSecretaría de Cultura de la Nación _bTheoría _c1994 |
||
| 300 |
_a190 p. _bil., láms., mapas |
||
| 490 | 0 |
_aIdentidad nacional _vv. 28 |
|
| 500 | _aLas notas del texto se encuentran al final de la obra p. 185-188 | ||
| 650 | 4 | _aABORIGENES | |
| 650 | 4 | _aHISTORIA ECONOMICA | |
| 650 | 4 | _aMISIONES JESUITICAS | |
| 650 | 4 | _aMISIONES RELIGIOSAS | |
| 650 | 4 | _aHISTORIA SOCIAL | |
| 650 | 4 | _aTOLERANCIA | |
| 650 | 4 | _aHISTORIA POLITICA | |
| 650 | 4 | _aEXPULSION DE LOS JESUITAS | |
| 650 | 4 | _aGUERRA GUARANITICA | |
| 700 | 1 |
_aMaeder, Ernesto J.A. _eprologuista |
|
| 942 | _cBK | ||
| 998 | _cMariana | ||
| 999 |
_c12272 _d12272 |
||